Ceny elektriny a plynu klesajú na predkrízové úrovne

Dostatok plynu, množstvo lacnej elektriny z OZE a prepadajúce sa ceny emisných kvót zatlačili spotové aj forwardové ceny elektriny a plynu do blízkosti ich predkrízových hodnôt. Okrem štedrej ponuky plynu a elektriny tlačí ceny nadol nízky dopyt spôsobený teplou zimou a nízkou spotrebou priemyslu a...

ver descrição completa

Na minha lista:
Detalhes bibliográficos
Autor principal: Pišta, Ján
Formato: Capítulo de Livro
Idioma:eslovaco
Assuntos:
Tags: Adicionar Tag
Sem tags, seja o primeiro a adicionar uma tag!

MARC

LEADER 00000naa a2200000 4500
001 0299910
005 20240417075310.5
041 0 |a slo 
044 |a CZ 
245 1 0 |a Ceny elektriny a plynu klesajú na predkrízové úrovne  |c Ján Pišta 
520 |a Dostatok plynu, množstvo lacnej elektriny z OZE a prepadajúce sa ceny emisných kvót zatlačili spotové aj forwardové ceny elektriny a plynu do blízkosti ich predkrízových hodnôt. Okrem štedrej ponuky plynu a elektriny tlačí ceny nadol nízky dopyt spôsobený teplou zimou a nízkou spotrebou priemyslu a aj pokles rizikovej prirážky vďaka ústupu rizík výpadku dodávok plynu do Európy. Zdala by sa, že sme za vodou. 
610 2 0 |a energetika 
610 2 0 |a trh energetický 
610 2 0 |a elektrina 
610 2 0 |a kvóty 
610 2 0 |a plyn 
610 2 0 |a kríza 
610 2 0 |a ceny 
100 1 |a Pišta, Ján